000 00240nam a2200097Ia 4500
008 230915s9999 xx 000 0 und d
050 _aTA 357 .R63 1980
100 _aROBERSON JOHN A.
245 0 _aENGINEERING FLUID MECHANICS
942 _cBK
999 _c203299
_d203299